The locus of dispersion: studying Latin American popular culture in the 1990s /

Enregistré dans:
Détails bibliographiques
Auteur principal: Salman, Ton
Format: Texte
Sujets:
Tags: Ajouter un tag
Pas de tags, Soyez le premier à ajouter un tag!

MARC

LEADER 00000 a a2200000 04500
001 9137
003
040
100 |a Salman, Ton  
245 |a The locus of dispersion:   |b studying Latin American popular culture in the 1990s /  |c Ton Salman  
650 |a CULTURA POPULAR  
650 |a REPRESENTACION SOCIAL  
650 |a TEORIA SOCIAL  
650 |a EPISTEMOLOGIA  
650 |a CIENCIAS SOCIALES  
773 |g número 76; páginas 3-32  
999 |c 21024  |d 21024